Discografia Melanie Martinez - Statistics

Estatísticas Gerais
  • Esse quiz foi jogado 104 vezes
  • A pontuação média é 24 de 39
Estatísticas das Respostas
Hint Resposta % Correto
Cry Baby Cry Baby
98%
Dollhouse
83%
Portals Death
80%
Mad hatter
75%
Milk and cookies
75%
Mrs potato head
75%
Tag you're it
73%
Pity party
72%
Soap
72%
Teacher's pet
72%
Training wheels
72%
Carousel
70%
Class fight
70%
Sippy cup
70%
Void
70%
Pacify her
68%
Orange juice
65%
Alphabet boy
63%
Lunchbox friends
63%
K-12 Wheels on the bus
62%
Tunnel vision
58%
High school sweethearts
57%
Recess
57%
Show and tell
57%
Strawberry shortcake
57%
The principal
55%
Detention
53%
Drama club
53%
Light shower
53%
Nurse's office
53%
Spider web
52%
Evil
47%
Womb
45%
Leeches
42%
The contortionist
38%
Faerie soiree
37%
Moon cycle
37%
Nymphology
37%
Battle of the larynx
35%
Nenhum quiz correspondente encontrado
Distribuição das Pontuações
Porcentagem de Pessoas com Cada Pontuação
Percentil de Números Respondidos
Sua Pontuação Histórica
Você não jogou esse quiz